Statistics for FC Barcelona (2015-16 Squad)

Click here to take the quiz!

General Stats

  • This quiz has been taken 141 times
  • The average score is 16 of 30

Answer Stats

HintAnswer% Correct
Goalkeeper (Germany)Marc-Andre Ter Stegen
96%
Defender (Spain)Gerard Pique
95%
Goalkeeper (Chile)Claudio Bravo
93%
Winger (Argentina)Lionel Messi
93%
Attacker (Uruguay)Luis Suarez
92%
Midfielder (Spain)Andres Iniesta
90%
Winger (Brazil)Neymar da SIlva Santos Jr
89%
Defender (Brazil)Dani Alves
88%
Midfielder (Croatia)Ivan Rakitic
83%
Midfielder (Spain)Sergio Busquets
82%
Defender (Spain)Jordi Alba
80%
Defender (Argentina)Javier Mascherano
78%
Winger (Turkey)Arda Turan
74%
Midfielder (Spain)Sergi Roberto
54%
Defender (France)Jeremy Mathieu
50%
Midfielder (Brazil)Rafinha
50%
Defender (Spain)Marc Bartra
43%
Defender (Brazil)Adriano
36%
Attacker (Spain)Munir El Haddadi
35%
Goalkeeper (Spain)Jordi Masip
34%
Defender (Spain)Aleix Vidal
31%
Defender (Brazil)Douglas
24%
Midfielder (Spain)Sergi Samper
17%
Winger (Spain)Sandro Ramirez
14%
Midfielder (Spain)Carlos Alena
13%
Midfielder (Spain)Gerard Gumbau
9%
Midfielder (Spain)Camara
8%
Attacker (Spain)Daniel Romera
6%
Defender (Belgium)Thomas Vermaalen
5%
Midfielder (Cameroon)Wilfrid Captoum
2%

Score Distribution

Percentile by Number Answered

Percent of People with Each Score

Your Score History

You have not taken this quiz